| 000 | 00912nam a2200253 4500 | ||
|---|---|---|---|
| 001 | 1742290 | ||
| 005 | 19711202000000.0 | ||
| 008 | 711129s1971 enka b 001 0 eng | ||
| 010 | _a 74862199 | ||
| 015 | _aB71-18426 | ||
| 020 | _a0394473078 | ||
| 040 |
_aDLC _cDLC _dDLC |
||
| 050 | 0 | 0 |
_aHD69.I7 _bT83 |
| 082 | 0 | 0 |
_a658.1149 _bTUG _222 |
| 100 | 1 |
_aTugendhat, Christopher, _d1937- _99413 |
|
| 245 | 1 | 4 |
_aThe Multinationals/ _cChristopher Tugendhat |
| 260 |
_aLondon, _bEyre and Spottiswoode, _c1972 |
||
| 300 |
_axiii, 242 p.: _bill.; _c23 cm. |
||
| 500 | _aDonated by: Alaa Abdel Ghany | ||
| 504 | _aBibliography: p. 226-228. | ||
| 650 | 0 |
_aInternational business enterprises. _99414 |
|
| 942 |
_2ddc _cBB |
||
| 999 |
_c12927 _d12927 |
||